Oxymoron and pleonasm : conversations on American critical and projective theory of architecture (Record no. 10529)

000 -LEADER
fixed length control field 00407nam a2200145Ia 4500
003 - CONTROL NUMBER IDENTIFIER
control field OSt
005 - DATE AND TIME OF LATEST TRANSACTION
control field 20220412163225.0
008 - FIXED-LENGTH DATA ELEMENTS--GENERAL INFORMATION
fixed length control field 220318s9999 xx 000 0 und d
020 ## - INTERNATIONAL STANDARD BOOK NUMBER
International Standard Book Number 9781940291413
082 ## - DEWEY DECIMAL CLASSIFICATION NUMBER
Classification number 720.10973
100 ## - MAIN ENTRY--PERSONAL NAME
Personal name Monika; Frampton, Kenneth
245 #0 - TITLE STATEMENT
Title Oxymoron and pleonasm : conversations on American critical and projective theory of architecture
260 ## - PUBLICATION, DISTRIBUTION, ETC. (IMPRINT)
Place of publication, distribution, etc Actor
942 ## - ADDED ENTRY ELEMENTS (KOHA)
Source of classification or shelving scheme
Holdings
Withdrawn status Lost status Source of classification or shelving scheme Damaged status Koha normalized classification for sorting Not for loan Permanent location Current location Date acquired Source of acquisition Cost, normal purchase price Full call number Barcode Date last seen Cost, replacement price Price effective from Koha item type
        720_109730000000000   BMS College of Architecture, Design and Planning BMS College of Architecture, Design and Planning 2022-03-28 6 2200.85 720.10973 AR-UG2622 2022-04-12 3144.07 2022-04-12 UG Books
Copyright © 2025, The Librarian, Library and Information Centre, BMSCA D&P, Bengaluru. All Rights Reserved
web counter

Powered by Koha